Elenca la formazione - Quiz n°233 - Statistics

Statistiche generali
  • Questo quiz è stato fatto 32 volte
  • Il punteggio medio è 8 su 11
Statistiche sulle risposte
Ruolo Club dell'epoca Calciatore % Corretto
Attaccante Barcellona Luis Suárez
100%
Attaccante Paris Saint-Germain Edinson Cavani
96%
Centrocampista Real Madrid Federico Valverde
96%
Portiere Galatasaray Fernando Muslera
96%
Difensore Atletico Madrid José Giménez
96%
Centrocampista Juventus Rodrigo Bentancur
96%
Difensore Atletico Madrid Diego Godín
92%
Difensore Juventus Martín Cáceres
88%
Centrocampista Cruzeiro Giorgian De Arrascaeta
31%
Centrocampista Boca Juniors Nahitan Nández
19%
Difensore Peñarol Giovanni González
8%
Nessun quiz corrispondente trovato
Distribuzione punteggi
Percentuale di utenti per punteggio
Percentile per numero di risposta
I tuoi punteggi nel tempo
Non hai fatto questo quiz